000 00793nam a22001815i 4500
001 167427
003 ES-MaACL
005 20250809035229.0
008 970415s1885 sp |||| | spa d
040 _aCYL
_bspa
_cCYL
100 1 _aVida Vilches, Jerónimo,
_d1858-1915
_9114411
245 1 3 _aEl proyecto de código penal
_b: apuntes críticos /
_cpor Jerónimo Vida.
260 _aMadrid :
_b[s.n.],
_c1885 (
_fImprenta de El Progreso)
300 _a88 p. ;
_c20 cm.
650 0 4 _aDerecho penal-
_zEspaña
_911752
852 _aES-MaACL
_jT-398-F-7
_z-- Enc. hol., falto de la enc. original
_z-- An. ms.: Ded. del autor a la Biblioteca del Ateneo de Madrid
_q-- Enc. en un vol. facticio
_x-- T594: el nombre completo del autor es Jerónimo Vida Vilches
999 _c167427
_d167427